Explorations in applied linguistics

Uloženo v:
Podrobná bibliografie
Hlavní autor: Widdowson, H. G (Autor)
Médium: Kniha
Jazyk:angličtina
Vydáno: Londres Oxford University Press 1979
Témata:
Tagy: Přidat tag
Žádné tagy, Buďte první, kdo vytvoří štítek k tomuto záznamu!

MARC

LEADER 00000nam a2200000 a 4500
001 UCJ2841
003 CL-VaPUC
008 070119e19790000UK |||||||||||||||||eng|d
020 |a 0194370801 
082 0 4 |a 418  |b WID  |2 21 
100 0 |a Widdowson, H. G  |e author  |9 503852 
245 1 0 |a Explorations in applied linguistics 
300 |a 273 p 
942 |c BK 
945 |d 20070119 00:00:00  |a jtorresc 
260 |a Londres  |b Oxford University Press  |c 1979 
500 |a Donación de la Dra. Marianne Peronard Thierry 
650 0 |a Lingüística aplicada   |9 313266 
650 0 |a Enseñanza del inglés  |9 367340 
650 0 |a Educación lingüística  |9 306506 
583 |a last modification  |c 20070119 00:00:00  |k Rodrigo Vera 
999 |c 318970  |d 318968 
952 |0 0  |1 0  |4 0  |6 418_000000000000000_WID_1979  |7 0  |8 A  |9 397189  |a FDOPOS  |b FDOPOS  |d 2019-11-22  |i 4316940  |o 418 WID 1979  |p 4316940  |r 2025-01-22  |w 2019-11-22  |y BK  |k MLA